| 000 | 00813nam a22002057a 4500 | ||
|---|---|---|---|
| 999 |
_c18235 _d18235 |
||
| 003 | AR-CdUCM | ||
| 008 | 190513b ||||| |||| 00| 0 spa d | ||
| 040 |
_aMUNICIPALIDAD PROVINCIAL DEL CUSCO _cBIBLIOTECA MUNICIPAL DEL CUSCO |
||
| 082 |
_a346.3 / _bF43 |
||
| 100 |
_aFerrero, Augusto _99730 |
||
| 245 | _aEl derecho de sucesiones en el nuevo código civil peruano / | ||
| 260 |
_aLima : _bLabrusa, _c1987. |
||
| 300 |
_a332 paginas ; _c21 cm. |
||
| 505 | _aContenido : Sucesión en general -- Elementos de la sucesión -- Apertura de la sucesión -- Acciones petitoria y reivindicatoria -- Condiciones para suceder... | ||
| 650 |
_aDerecho peruano _921203 |
||
| 650 |
_aCondiciones para suceder _938701 |
||
| 650 |
_aIncompatibilidad para heredar _938702 |
||
| 942 |
_2ddc _cLIBROS |
||
| 945 |
_awnts _d2019-05-13 |
||